000 00593nas1a22001811i 4500
001 rc\249536
005 20240723215338.0
035 _a(NLR Aleph) 005628238
090 _a6552423
_c6552423
100 _a20030307a19909999u |0rusy50 ca
101 0 _arus
102 _aRU
200 1 _aВестник православия в Литве
_eКварт. религ.-нравств. журн.
_fПравослав. Вильнюс
210 _aВильнюс
_cВильнюс.-Литов. епархия
_d1990-
801 0 _aRU
_bNLR
_gpsbo
801 1 _aRU
_bELAR
_2rusmarc
852 _aNLR
_jП37/164
942 _cSE